000 00410nam a2200157 i 4500
001 61420
003 ES-MaACL
005 20230906164443.0
007 t|
008 031112s1973 sp ||||1| cat d
245 0 0 _aEvolució económica
_b: 1972.
260 _a[Barcelona] :
_bBanca Catalana,
_c[1971]
300 _a74 p. ;
_c19 cm.
710 2 _aBanca Catalana.
_92086
852 _aES-MaACL
_jC-55142
_bR.87617
999 _c61420
_d61420